Can you pick the USA'S states of most population??? Quiz Stats

 Plays Quiz not verified by Sporcle

Score 0/51 Timer 05:00
0 Plays Today
% Correct
California
72.7%
Texas
72.7%
New York
54.5%
Florida
40.9%
Illinois
40.9%
Pennsylvania
31.8%
Ohio
27.3%
Michigan
22.7%
North Carolina
22.7%
Georgia
18.2%
Virginia
18.2%
Washington
13.6%
Tennessee
13.6%
Alaska
13.6%
Wyoming
13.6%
New Jersey
9.1%
Louisiana
9.1%
Kansas
9.1%
Utah
9.1%
West Virginia
9.1%
Idaho
9.1%
New Hampshire
9.1%
Montana
9.1%
South Dakota
9.1%
Massachusetts
4.5%
Indiana
4.5%
% Correct
Arizona
4.5%
Missouri
4.5%
Maryland
4.5%
Wisconsin
4.5%
Minnesota
4.5%
Colorado
4.5%
Alabama
4.5%
South Carolina
4.5%
Kentucky
4.5%
Oregon
4.5%
Oklahoma
4.5%
Connecticut
4.5%
Iowa
4.5%
Mississippi
4.5%
Arkansas
4.5%
Nevada
4.5%
New Mexico
4.5%
Nebraska
4.5%
Hawaii
4.5%
Maine
4.5%
Rhode Island
4.5%
Delaware
4.5%
North Dakota
4.5%
Vermont
4.5%
Washington DC
4.5%

You're not logged in!

Compare scores with friends on all Sporcle quizzes.
OR
Log In

Show Comments

Extras

Top Quizzes Today


Score Distribution

Your Account Isn't Verified!

In order to create a playlist on Sporcle, you need to verify the email address you used during registration. Go to your Sporcle Settings to finish the process.

Report this User

Report this user for behavior that violates our Community Guidelines.

Details: